Cyrano de Bergerac

Gespeichert in:
Bibliographische Detailangaben
1. Verfasser: Rostand, Edmundo
Format: Buch
Sprache:Undetermined
Veröffentlicht: Buenos Aires, Argentina Ediciones Argentinas "Condor" [s.f.]
Schlagworte:
Tags: Tag hinzufügen
Keine Tags, Fügen Sie den ersten Tag hinzu!

MARC

LEADER 00000nam a2200000Ia 4500
008 170316s9999 xx 000 0 und d
040 |a cru BVZT 
090 |a 840 R-10c 
100 |a Rostand, Edmundo 
245 |a Cyrano de Bergerac 
260 |a Buenos Aires, Argentina 
260 |b Ediciones Argentinas "Condor" 
260 |c [s.f.] 
300 |a 174 páginas 
650 |a LITERATURA FRANCESA 
999 |c 7915  |d 7915 
942 |c 15 D  |h 840 R-10c  |2 z